000 00357nam a2200157Ia 4500
999 _c57
_d57
003 OSt
005 20190918142148.0
008 190722s9999 xx 000 0 und d
020 _a 978-0132359238
040 _cmaju
100 _aThomas L.Floyd
245 0 _aDigital Fundamentals
260 _aIndia
_bPearson Edu.
_c2016
300 _a659
942 _cBK
_2ddc